[Event "Titled Tue 27th May Late"]
[Site "chess.com INT"]
[Date "2025.05.27"]
[Round "1"]
[White "Gubajdullin, Alexei"]
[Black "Fernandes, Rogerio Paulo Muller"]
[Result "1-0"]
[WhiteTitle "FM"]
[WhiteElo "2227"]
[BlackElo "2241"]
[WhiteFideId "4141202"]
[BlackFideId "2101599"]
[EventDate "2025.05.27"]

1. Nf3 Nf6 2. g3 c5 3. Bg2 Nc6 4. O-O g6 5. d3 Bg7 6. Nbd2 O-O 7. e4 d6 8. Ng5
h6 9. Nh3 Rb8 10. f4 Bg4 11. Nf3 Nd4 12. Nf2 Bxf3 13. Bxf3 Nxf3+ 14. Qxf3 b5 15.
g4 Qd7 16. h4 h5 17. f5 hxg4 18. Nxg4 Nxg4 19. Qxg4 Bd4+ 20. Kh1 Rb7 21. h5 Kg7
22. hxg6 Rh8+ 23. Kg2 Qe8 24. gxf7+ Kxf7 25. Qg6+ Kf8 26. Bh6+ Rxh6 27. Qxh6+
Bg7 28. Qg6 Qf7 29. Rab1 Rb6 30. Rf3 d5 31. Qg4 Rh6 32. Rh1 Rxh1 33. Kxh1 dxe4
34. Qxe4 Qxa2 35. Rg3 Qb1+ 36. Rg1 Qxc2 37. Qa8+ Kf7 38. f6 Bxf6 39. Qd5+ 1-0

[Event "Titled Tue 27th May Late"]
[Site "chess.com INT"]
[Date "2025.05.27"]
[Round "1"]
[White "Rees, Ioan"]
[Black "Onyshchuk, Volodymyr"]
[Result "0-1"]
[WhiteTitle "FM"]
[BlackTitle "GM"]
[WhiteElo "2288"]
[BlackElo "2602"]
[WhiteFideId "1801236"]
[BlackFideId "14114038"]
[EventDate "2025.05.27"]

1. Nf3 g6 2. e4 Bg7 3. d4 d6 4. Bd3 Nc6 5. c3 e5 6. d5 Nce7 7. h3 f5 8. Nbd2 Nf6
9. c4 O-O 10. Qc2 c5 11. b3 b6 12. Bb2 Bd7 13. a4 f4 14. Ng5 h6 15. Ne6 Bxe6 16.
dxe6 Nc6 17. O-O-O Qe7 18. g3 Ne8 19. g4 Nc7 20. Nf3 Nxe6 21. Be2 Ned4 22. Bxd4
exd4 23. Ne1 Ne5 24. f3 Bf6 25. Nd3 Bh4 26. Nxe5 dxe5 27. Bd3 a6 28. Kd2 Bf2 29.
Ke2 Qh4 30. Qd2 Kg7 31. Kf1 Be3 32. Qe1 Qg3 33. Qxg3 fxg3 34. Kg2 Bf4 35. h4 h5
36. Ra1 hxg4 37. fxg4 Be3 38. Rhf1 Rf2+ 39. Rxf2 gxf2 40. a5 Rb8 41. h5 gxh5 42.
gxh5 bxa5 43. Rxa5 Rxb3 44. Rxa6 Rxd3 0-1

[Event "Titled Tue 27th May Late"]
[Site "chess.com INT"]
[Date "2025.05.27"]
[Round "1"]
[White "Bahmani, Koorosh"]
[Black "Sarana, Alexey"]
[Result "0-1"]
[WhiteTitle "CM"]
[BlackTitle "GM"]
[WhiteElo "2208"]
[BlackElo "2686"]
[WhiteFideId "42576750"]
[BlackFideId "24133795"]
[EventDate "2025.05.27"]

1. Nf3 d5 2. g3 g6 3. Bg2 Bg7 4. d4 c6 5. O-O Nf6 6. c4 O-O 7. a4 Be6 8. Nc3
dxc4 9. e4 Na6 10. Be3 Nb4 11. Qe2 h6 12. Rfd1 Qa5 13. Ne5 Qa6 14. Bf1 Rfd8 15.
Nxc4 Bxc4 16. Qxc4 Qxc4 17. Bxc4 Nc2 18. Rac1 Nxe3 19. fxe3 Ng4 20. Rd3 e6 21.
Ne2 Rd7 22. h3 Nf6 23. Nc3 Rad8 24. e5 Nh7 25. Ne4 Bxe5 26. Nc5 Bxg3 27. Nxd7
Rxd7 28. Kg2 Bd6 29. e4 Kg7 30. d5 exd5 31. exd5 c5 32. Re1 Nf6 33. Bb5 Rd8 34.
Bc4 Nh5 35. Rf3 Nf4+ 36. Kh1 f5 37. a5 Kf6 38. Rb3 Rd7 39. Rbe3 Kg5 40. Rg1+ Kh4
41. Bb5 Rd8 42. Bc4 g5 43. Rf1 h5 44. Rb3 Rd7 45. Re3 g4 46. hxg4 hxg4 47. Rf2
Kg5 48. Rh2 Nh5 49. Rd2 Bf4 50. Rde2 Bxe3 51. Rxe3 Nf4 52. Re5 Kf6 53. Re8 Nxd5
54. Rf8+ Ke5 0-1

[Event "Titled Tue 27th May Late"]
[Site "chess.com INT"]
[Date "2025.05.27"]
[Round "1"]
[White "Tang, Andrew"]
[Black "Piddubna, Bozhena"]
[Result "1-0"]
[WhiteTitle "GM"]
[BlackTitle "WFM"]
[WhiteElo "2529"]
[BlackElo "2174"]
[WhiteFideId "2059630"]
[BlackFideId "34109293"]
[EventDate "2025.05.27"]

1. d4 Nf6 2. c4 e6 3. Nc3 Bb4 4. Qc2 d6 5. Nf3 Nbd7 6. Bd2 O-O 7. a3 Bxc3 8.
Bxc3 Re8 9. e3 e5 10. d5 Nf8 11. Bd3 Ng6 12. O-O Bg4 13. Nd2 Bd7 14. b4 Qe7 15.
Rae1 Ng4 16. h3 Nf6 17. Qb1 Rf8 18. f4 Rfe8 19. Bxg6 hxg6 20. fxe5 dxe5 21. Nf3
Qd6 22. Qb2 e4 23. Ng5 Bf5 24. g4 Bd7 25. Bxf6 gxf6 26. Qxf6 Qg3+ 27. Kh1 Rf8
28. Re2 Bxg4 29. hxg4 Qxg4 30. Rh2 1-0

[Event "Titled Tue 27th May Late"]
[Site "chess.com INT"]
[Date "2025.05.27"]
[Round "1"]
[White "Mueller, Magnus"]
[Black "Klekowski, Maciej"]
[Result "0-1"]
[WhiteTitle "CM"]
[BlackTitle "GM"]
[WhiteElo "2158"]
[BlackElo "2474"]
[WhiteFideId "16230060"]
[BlackFideId "1132717"]
[EventDate "2025.05.27"]

1. e4 c5 2. Nf3 d6 3. Bb5+ Nd7 4. O-O a6 5. Bxd7+ Bxd7 6. c3 Bc6 7. Re1 e6 8. d4
d5 9. Ne5 cxd4 10. cxd4 Rc8 11. Nc3 dxe4 12. Nxc6 Rxc6 13. d5 exd5 14. Nxd5 f5
15. Bf4 Nf6 16. Nxf6+ Qxf6 17. Qb3 Qf7 18. f3 Qxb3 19. axb3 Bb4 20. Re2 Re6 21.
fxe4 fxe4 22. Ra4 a5 23. Bd2 Bxd2 24. Rxd2 b6 25. Re2 e3 26. b4 axb4 27. Rxb4
Kd7 28. Rd4+ Kc6 29. Rd3 Rhe8 30. g3 Kc5 31. Kg2 b5 32. Kf3 Kc4 33. Rc3+ Kd4 34.
Rb3 Re5 35. Rb4+ Kd3 36. Rb3+ Kc4 37. Rc3+ Kd4 38. Rb3 Rf8+ 39. Kg2 h5 40. Rc3
b4 41. Rb3 Rb8 42. Kf3 Rf8+ 43. Kg2 g5 44. Rxb4+ Kd3 45. Re1 Kd2 46. Rh1 e2 47.
Kh3 0-1

[Event "Titled Tue 27th May Late"]
[Site "chess.com INT"]
[Date "2025.05.27"]
[Round "1"]
[White "Cervantes Landeiro, Thalia"]
[Black "Zhigalko, Sergei"]
[Result "0-1"]
[WhiteTitle "FM"]
[BlackTitle "GM"]
[WhiteElo "2278"]
[BlackElo "2572"]
[WhiteFideId "3520498"]
[BlackFideId "13502956"]
[EventDate "2025.05.27"]

1. d4 Nf6 2. c4 e6 3. Nf3 b6 4. g3 Ba6 5. Qa4 Bb7 6. Bg2 c5 7. dxc5 bxc5 8. O-O
Be7 9. Nc3 O-O 10. Bf4 Qb6 11. Qb3 d6 12. Rfd1 Rd8 13. Na4 Qxb3 14. axb3 Nc6 15.
Nc3 h6 16. Nb5 Ne8 17. h4 a6 18. Nc3 Rab8 19. Nd2 g5 20. hxg5 hxg5 21. Be3 f5
22. f4 gxf4 23. gxf4 Nb4 24. Bxb7 Rxb7 25. Kf2 Nf6 26. Kf3 Nc2 27. Rxa6 Nxe3 28.
Kxe3 Kf7 29. Nb5 d5 30. Ra7 Rxa7 31. Nxa7 dxc4 32. bxc4 Ng4+ 33. Kf3 Bf6 34. e4
Rd3+ 35. Ke2 fxe4 36. Nxe4 Re3+ 37. Kf1 Rxe4 38. Rd7+ Kg6 39. Kg2 Rxc4 40. Kg3
Ne3 41. Nc6 Nf5+ 42. Kf3 Bxb2 43. Rd2 Bd4 44. Rg2+ Kf6 45. Rh2 Rc3+ 46. Ke2 Rc2+ 0-1

[Event "Titled Tue 27th May Late"]
[Site "chess.com INT"]
[Date "2025.05.27"]
[Round "1"]
[White "Vakhidov, Jakhongir"]
[Black "Garbuz, Vitaliy"]
[Result "1-0"]
[WhiteTitle "GM"]
[BlackTitle "CM"]
[WhiteElo "2546"]
[BlackElo "2224"]
[WhiteFideId "14201801"]
[BlackFideId "12990710"]
[EventDate "2025.05.27"]

1. c4 e6 2. Nc3 d5 3. d4 c5 4. cxd5 cxd4 5. Qa4+ Bd7 6. Qxd4 exd5 7. Qxd5 Nf6 8.
Qb3 Na6 9. Nf3 Nc5 10. Qc2 Rc8 11. e3 Na4 12. Be2 Bb4 13. Bd2 O-O 14. O-O Nd5
15. Bd3 h6 16. Qb1 Naxc3 17. bxc3 Bxc3 18. Bxc3 Nxc3 19. Qxb7 Bc6 20. Qa6 Re8
21. Nd4 Bd5 22. Rfc1 Qg5 23. Bf1 h5 24. Qa5 Kh7 25. Rxc3 1-0

[Event "Titled Tue 27th May Late"]
[Site "chess.com INT"]
[Date "2025.05.27"]
[Round "1"]
[White "Duarte Cramer, Lily Jeanette"]
[Black "Robert, Yoann"]
[Result "0-1"]
[WhiteTitle "WCM"]
[BlackTitle "CM"]
[WhiteElo "1828"]
[BlackElo "2198"]
[WhiteFideId "29620180"]
[BlackFideId "36018805"]
[EventDate "2025.05.27"]

1. d4 f5 2. Nc3 Nf6 3. Bg5 d5 4. f3 e6 5. e4 Be7 6. e5 Nfd7 7. Bxe7 Qxe7 8. Nge2
a6 9. Nf4 O-O 10. h4 c5 11. Be2 cxd4 12. Qxd4 Nc6 13. Qf2 Ndxe5 14. O-O-O Bd7
15. h5 Rac8 16. h6 g6 17. Qg3 Be8 18. Ncxd5 exd5 19. Nxd5 Qc5 20. Nc3 Bf7 21.
Rhe1 b5 22. Rd2 Rfd8 23. Red1 Rxd2 24. Rxd2 b4 25. Na4 Qg1+ 26. Bd1 Qe3 27. Qf2
Qxf2 28. Rxf2 Rd8 29. Nc5 Bc4 30. Be2 Bxe2 31. Rxe2 a5 32. f4 Nf7 33. Re6 Nd4
34. Re3 Nxh6 35. Nb7 Ng4 36. Re1 Rc8 37. Nxa5 Nxc2 38. Kb1 Nxe1 39. Nb7 Nd3 40.
Nd6 Rc1# 0-1

[Event "Titled Tue 27th May Late"]
[Site "chess.com INT"]
[Date "2025.05.27"]
[Round "1"]
[White "Mizzi, Jack"]
[Black "Al Busaidi, Hamood"]
[Result "1-0"]
[WhiteTitle "CM"]
[BlackTitle "CM"]
[WhiteElo "2086"]
[BlackElo "2027"]
[WhiteFideId "5602521"]
[BlackFideId "22006230"]
[EventDate "2025.05.27"]

1. d4 d5 2. c4 e6 3. Nf3 Nf6 4. g3 Be7 5. Bg2 O-O 6. O-O c6 7. Nbd2 Nbd7 8. Qc2
b6 9. Rd1 Bb7 10. e4 dxe4 11. Nxe4 Nxe4 12. Qxe4 Nf6 13. Qe2 Qc8 14. b3 Re8 15.
Bb2 c5 16. Rac1 cxd4 17. Nxd4 Bxg2 18. Kxg2 Qb7+ 19. Qf3 Qxf3+ 20. Kxf3 Rac8 21.
Nb5 a6 22. Bxf6 gxf6 23. Nd6 Bxd6 24. Rxd6 Rb8 25. c5 bxc5 26. Rxc5 Rb5 27. Rc7
a5 28. Rdd7 Rf8 29. Rb7 Rxb7 30. Rxb7 Ra8 31. a4 Rc8 32. h4 Kg7 33. Kg4 f5+ 34.
Kh5 Rc2 35. f3 Rg2 36. g4 fxg4 37. fxg4 Rf2 38. Rb5 Rf3 39. Rxa5 Rxb3 40. Rg5+
Kh8 41. Kh6 Rb6 42. Rb5 1-0

[Event "Titled Tue 27th May Late"]
[Site "chess.com INT"]
[Date "2025.05.27"]
[Round "1"]
[White "Garcia Correa, Jose Ricardo"]
[Black "Becking, Stephan"]
[Result "0-1"]
[WhiteTitle "FM"]
[BlackTitle "IM"]
[WhiteElo "2103"]
[BlackElo "2410"]
[WhiteFideId "5101832"]
[BlackFideId "4632478"]
[EventDate "2025.05.27"]

1. e4 e6 2. d4 d5 3. Nc3 Nf6 4. Bg5 Be7 5. e5 Nfd7 6. h4 h6 7. Bxe7 Qxe7 8. Qg4
O-O 9. O-O-O f5 10. Qg3 a6 11. f4 c5 12. Nf3 Nc6 13. dxc5 Nxc5 14. Bd3 b5 15.
Kb1 Ne4 16. Bxe4 fxe4 17. Nd4 Nxd4 18. Rxd4 b4 19. Ne2 a5 20. Qe3 Ba6 21. Nc1
Rf7 22. Rhd1 Qxh4 23. g3 Qe7 24. R4d2 Qc7 25. Nb3 a4 26. Nd4 Qb6 27. g4 b3 28.
axb3 axb3 29. cxb3 Bd3+ 30. Rxd3 exd3 31. Rxd3 Rc7 32. Rc3 Rxc3 33. Qxc3 Qa6 34.
f5 Qf1+ 35. Kc2 Qg2+ 36. Kd3 Qxg4 37. fxe6 Qg3+ 38. Kd2 Qxe5 39. e7 Qxe7 40. Qc6
Rd8 41. Nf5 Qg5+ 42. Ne3 d4 43. Qc4+ Kh8 0-1

[Event "Titled Tue 27th May Late"]
[Site "chess.com INT"]
[Date "2025.05.27"]
[Round "1"]
[White "Zhu, Jiner"]
[Black "Ruchinskaya, Valerie"]
[Result "1-0"]
[WhiteTitle "GM"]
[BlackTitle "WCM"]
[WhiteElo "2541"]
[BlackElo "1908"]
[WhiteFideId "8608059"]
[BlackFideId "2631440"]
[EventDate "2025.05.27"]

1. Nf3 d5 2. e3 Nf6 3. b3 Bg4 4. Bb2 e6 5. c4 c6 6. h3 Bh5 7. Be2 Be7 8. O-O O-O
9. Ne5 Bxe2 10. Qxe2 Nbd7 11. d3 Nxe5 12. Bxe5 a5 13. Nc3 Bd6 14. d4 Qc7 15.
Bxf6 gxf6 16. e4 dxe4 17. Nxe4 Be7 18. Rad1 f5 19. Nd2 a4 20. Nf3 axb3 21. axb3
Ra3 22. Rd3 Bf6 23. Rfd1 Rd8 24. Ne5 Raa8 25. Rg3+ Kh8 26. Re1 Bxe5 27. dxe5 Rg8
28. Rf3 Rad8 29. Rf4 Qb6 30. Qf3 Rd4 31. Qe3 Rgd8 32. Rh4 c5 33. Qg5 Rxh4 34.
Qxh4 Qc7 35. Qf6+ Kg8 36. Re3 Rd1+ 37. Kh2 Qd8 38. Rg3+ Kf8 39. Qg7+ Ke7 40.
Qxh7 Qf8 41. Rg8 1-0

[Event "Titled Tue 27th May Late"]
[Site "chess.com INT"]
[Date "2025.05.27"]
[Round "1"]
[White "Kovacsy, Barnabas"]
[Black "Yang, Daniel"]
[Result "0-1"]
[WhiteTitle "FM"]
[BlackTitle "CM"]
[WhiteElo "2252"]
[BlackElo "2213"]
[WhiteFideId "769290"]
[BlackFideId "30976340"]
[EventDate "2025.05.27"]

1. e4 c5 2. Nf3 Nc6 3. d4 cxd4 4. Nxd4 g6 5. Nc3 Bg7 6. Be3 Nf6 7. Nb3 O-O 8.
Qd2 d6 9. f3 Be6 10. h4 h5 11. O-O-O Rc8 12. Be2 Na5 13. Nd5 Bxd5 14. exd5 Nc4
15. Bxc4 Rxc4 16. Kb1 Qc7 17. Bd4 Rc8 18. c3 a5 19. g4 hxg4 20. fxg4 a4 21. Nc1
Ne4 22. Qe3 Bxd4 23. Rxd4 Nxc3+ 24. bxc3 Rxc3 25. Rd3 Rc2 26. h5 Qc4 27. Nb3
axb3 28. axb3 Qa6 29. Qa7 Qxa7 0-1

[Event "Titled Tue 27th May Late"]
[Site "chess.com INT"]
[Date "2025.05.27"]
[Round "1"]
[White "Mendez Machado, Andre"]
[Black "Garcia Hernandez, Rebeca"]
[Result "1-0"]
[WhiteTitle "FM"]
[BlackTitle "WCM"]
[WhiteElo "2189"]
[BlackElo "1903"]
[WhiteFideId "6603793"]
[BlackFideId "5180872"]
[EventDate "2025.05.27"]

1. e4 c5 2. Nf3 a6 3. c3 Nf6 4. e5 Nd5 5. d4 cxd4 6. cxd4 d6 7. Nc3 Nxc3 8. bxc3
dxe5 9. Nxe5 Nd7 10. Nf3 e6 11. Bd3 Be7 12. O-O O-O 13. c4 Nf6 14. Bb2 Bd7 15.
Ne5 Rc8 16. Qe2 Qc7 17. Rab1 Rfd8 18. Rfe1 Bd6 19. h3 Bc6 20. Ng4 Nxg4 21. Qxg4
Bf8 22. Rbd1 g6 23. d5 exd5 24. Qd4 f6 25. cxd5 Bxd5 26. Qh4 Bg7 27. Bxf6 Bxf6
28. Qxf6 Qg7 29. Qg5 Re8 30. Qxd5+ Kh8 31. Qf3 Rf8 32. Qe3 1-0

[Event "Titled Tue 27th May Late"]
[Site "chess.com INT"]
[Date "2025.05.27"]
[Round "1"]
[White "Chelly, Yahya"]
[Black "Altini, Nicola"]
[Result "1-0"]
[WhiteTitle "CM"]
[BlackTitle "IM"]
[WhiteElo "2039"]
[BlackElo "2357"]
[WhiteFideId "5516200"]
[BlackFideId "833924"]
[EventDate "2025.05.27"]

1. d4 d5 2. c4 c5 3. cxd5 Qxd5 4. Nf3 cxd4 5. Nc3 Qa5 6. Nxd4 Nf6 7. g3 e5 8.
Nb3 Qc7 9. Bg2 Bb4 10. Bd2 O-O 11. O-O Rd8 12. Rc1 Nc6 13. Qc2 Be6 14. Rfd1 Rac8
15. Be3 Qe7 16. Qb1 Bxc3 17. Rxd8+ Rxd8 18. bxc3 Bd5 19. Bg5 Bxg2 20. Kxg2 Qe6
21. c4 b6 22. a4 h6 23. Bxf6 Qxf6 24. c5 bxc5 25. Rxc5 Nd4 26. Nxd4 exd4 27. Qe4
Qd6 28. Rc4 g6 29. h3 h5 30. h4 Kg7 31. Rc6 Qd7 32. Qe5+ Kh7 33. Rc7 Qe8 34.
Qxe8 Rxe8 35. Rxf7+ Kh6 36. Kf3 a5 37. Rd7 Rb8 38. Rxd4 Rb3+ 39. e3 Ra3 40. Ke4
Ra2 41. f4 Kg7 42. f5 gxf5+ 43. Kxf5 Rg2 44. Rd7+ Kh6 45. Kf4 Rf2+ 46. Ke4 Rg2
47. Rd6+ Kg7 48. Kf4 Rf2+ 49. Kg5 Rf3 50. Rg6+ Kh7 51. Kxh5 Rxe3 52. g4 Re4 53.
Ra6 Rxa4 54. g5 Kg8 55. Ra7 Kh8 56. Kg6 Rxh4 57. Ra8# 1-0

[Event "Titled Tue 27th May Late"]
[Site "chess.com INT"]
[Date "2025.05.27"]
[Round "1"]
[White "Nicula, Marius"]
[Black "Bratovic, Blaz"]
[Result "1-0"]
[WhiteTitle "FM"]
[BlackTitle "IM"]
[WhiteElo "2155"]
[BlackElo "2319"]
[WhiteFideId "1203096"]
[BlackFideId "14603551"]
[EventDate "2025.05.27"]

1. Nf3 Nf6 2. b3 g6 3. Bb2 Bg7 4. g3 b5 5. Bg2 Bb7 6. O-O O-O 7. c4 a6 8. d4 e6
9. a4 b4 10. Nbd2 a5 11. Qc2 c5 12. dxc5 Na6 13. Rad1 Nxc5 14. Nd4 Bxg2 15. Kxg2
Qc8 16. e4 Qb7 17. f3 Rac8 18. Nb5 Qb6 19. e5 Ne8 20. Ne4 Nxe4 21. Qxe4 Qc6 22.
Qxc6 dxc6 23. Nd6 Nxd6 24. Rxd6 Rfd8 25. Rfd1 Rxd6 26. Rxd6 Kf8 27. f4 Ke8 28.
Kf3 Bf8 29. Rd3 Be7 30. Ke4 c5 31. g4 Rd8 32. Rxd8+ Bxd8 33. f5 gxf5+ 34. gxf5
exf5+ 35. Kxf5 Be7 36. Bc1 Bf8 37. e6 fxe6+ 38. Kxe6 Be7 39. Be3 h5 40. Kd5 Kd7
41. Bxc5 Bd8 42. Bd4 Bc7 43. h3 Bg3 44. c5 h4 45. c6+ Kc8 46. Kc4 Kc7 47. Kb5
Be1 48. Bb6+ Kd6 49. Bxa5 1-0

[Event "Titled Tue 27th May Late"]
[Site "chess.com INT"]
[Date "2025.05.27"]
[Round "1"]
[White "Shirov, Alexei"]
[Black "Fedorov, Artem Alek"]
[Result "0-1"]
[WhiteTitle "GM"]
[BlackTitle "CM"]
[WhiteElo "2620"]
[BlackElo "2198"]
[WhiteFideId "2209390"]
[BlackFideId "34418431"]
[EventDate "2025.05.27"]

1. e4 c5 2. Nf3 e6 3. d4 cxd4 4. Nxd4 Nf6 5. Nc3 Nc6 6. Ndb5 Bc5 7. Bf4 O-O 8.
Bc7 Qe7 9. Bd6 Bxd6 10. Qxd6 Qd8 11. O-O-O a6 12. Nd4 Ne7 13. h4 b5 14. h5 Ne8
15. Qg3 b4 16. Na4 h6 17. Nb3 Bb7 18. Nac5 Bc6 19. Bxa6 Qb6 20. Rh4 d6 21. Rxd6
Nxd6 22. Qxd6 Rxa6 23. Nxa6 Nc8 24. Qd3 Rd8 25. Qc4 Nd6 26. Qxb4 Qxa6 27. Rh1
Nxe4 28. f3 Ng3 29. Re1 Qe2 30. Nd4 Rxd4 31. Qb8+ Kh7 32. Qxg3 Qd2+ 0-1

[Event "Titled Tue 27th May Late"]
[Site "chess.com INT"]
[Date "2025.05.27"]
[Round "1"]
[White "Zahn, Wolfgang"]
[Black "Asish Panda"]
[Result "0-1"]
[WhiteTitle "FM"]
[WhiteElo "2280"]
[BlackElo "1911"]
[WhiteFideId "4620984"]
[BlackFideId "45012458"]
[EventDate "2025.05.27"]

1. d4 d5 2. c4 e6 3. Nf3 Nf6 4. g3 Be7 5. Bg2 O-O 6. O-O Ne4 7. Nbd2 f5 8. Ne5
Nd7 9. Nxd7 Bxd7 10. f3 Nxd2 11. Bxd2 dxc4 12. e4 c5 13. d5 exd5 14. exd5 Bf6
15. Qc2 b5 16. f4 Rc8 17. Bc3 Bd4+ 18. Kh1 Qf6 19. Rad1 b4 20. Bxd4 cxd4 21. Qd2
c3 22. Qxd4 c2 23. Qxf6 Rxf6 24. Rc1 Ra6 25. Rfe1 Rxa2 26. d6 Rxb2 27. Bd5+ Kf8
28. Kg2 Ba4 29. Re7 Rb1 30. Rf7+ Ke8 31. Rc7 Rxc7 32. dxc7 Kd7 0-1

[Event "Titled Tue 27th May Late"]
[Site "chess.com INT"]
[Date "2025.05.27"]
[Round "1"]
[White "Medina Paz, Miguel"]
[Black "Barria Zuniga, Daniel"]
[Result "0-1"]
[WhiteTitle "IM"]
[BlackTitle "IM"]
[WhiteElo "2368"]
[BlackElo "2341"]
[WhiteFideId "7300379"]
[BlackFideId "3400816"]
[EventDate "2025.05.27"]

1. d4 Nf6 2. c4 g6 3. Nc3 Bg7 4. e4 O-O 5. Be2 d6 6. Bg5 h6 7. Bf4 Nc6 8. Qd2
Kh7 9. Nf3 Bg4 10. O-O-O Bxf3 11. Bxf3 Nd7 12. d5 Nd4 13. Bg4 c5 14. h4 a6 15.
h5 g5 16. Be3 b5 17. Ne2 Ne5 18. Bxd4 cxd4 19. Bf5+ Kh8 20. f4 Nxc4 21. Qd3 e6
22. dxe6 fxe6 23. Bxe6 gxf4 24. Kb1 Qg5 25. Nxd4 Ne3 26. Rd2 Rae8 27. Bf5 Qf6
28. Nf3 d5 29. Nh4 dxe4 30. Ng6+ Kg8 31. Qb3+ Nc4 32. Rc2 Qxf5 33. Nxf8 Rxf8 34.
a4 e3 35. axb5 axb5 36. Kc1 Kh8 0-1

[Event "Titled Tue 27th May Late"]
[Site "chess.com INT"]
[Date "2025.05.27"]
[Round "1"]
[White "Kushko, Dmitriy"]
[Black "Tymrakiewicz, Rafal"]
[Result "1-0"]
[WhiteTitle "IM"]
[BlackTitle "FM"]
[WhiteElo "2454"]
[BlackElo "2189"]
[WhiteFideId "14162261"]
[BlackFideId "1108832"]
[EventDate "2025.05.27"]

1. g3 g6 2. Bg2 Bg7 3. d4 Nf6 4. e4 d6 5. Nc3 O-O 6. Nf3 Nc6 7. d5 Ne5 8. Nxe5
dxe5 9. O-O e6 10. Be3 exd5 11. exd5 Ne8 12. Nb5 a6 13. Na3 f5 14. c4 Qf6 15.
Bd2 f4 16. Re1 Nd6 17. Bc3 Qg5 18. c5 fxg3 19. hxg3 Nb5 20. Nxb5 axb5 21. d6
cxd6 22. cxd6 Bd7 23. Bxe5 Bxe5 24. Qd5+ Kh8 25. Qxe5+ Qxe5 26. Rxe5 Rae8 27.
Rxe8 Rxe8 28. Bxb7 Re2 29. b3 Rd2 30. a4 bxa4 31. bxa4 Rxd6 32. a5 Bb5 33. a6
Bxa6 34. Rxa6 Rd2 35. Bf3 Kg7 36. Ra7+ Kh6 37. Kg2 Rb2 38. Bd5 Rd2 39. Bg8 Rd8
40. Bxh7 Rh8 41. Bxg6 Kxg6 42. Ra6+ Kg5 43. f4+ Kf5 44. Kf3 Rh1 45. g4# 1-0

[Event "Titled Tue 27th May Late"]
[Site "chess.com INT"]
[Date "2025.05.27"]
[Round "1"]
[White "Iskusnyh, Sergei"]
[Black "Li, Hui"]
[Result "1-0"]
[WhiteTitle "GM"]
[BlackTitle "CM"]
[WhiteElo "2440"]
[BlackElo "2041"]
[WhiteFideId "4120027"]
[BlackFideId "15400310"]
[EventDate "2025.05.27"]

1. d4 d5 2. c4 e6 3. g3 Nf6 4. Bg2 Be7 5. Nf3 O-O 6. Qc2 dxc4 7. Qxc4 Bd7 8. Ne5
Bc6 9. Nxc6 Nxc6 10. Bxc6 bxc6 11. O-O Qd5 12. Nd2 Rfd8 13. e3 c5 14. Qxd5 Nxd5
15. dxc5 Bxc5 16. Nb3 Be7 17. Bd2 Bf6 18. Rab1 Nb6 19. Rfc1 Rd7 20. Bc3 Bxc3 21.
Rxc3 Rad8 22. Kg2 Kf8 23. Rbc1 Nd5 24. Rc4 Rb8 25. Ra4 Nb4 26. Rxa7 Nd3 27. Nc5
Nxc5 28. Rxc5 Rb7 29. Rxb7 1-0

[Event "Titled Tue 27th May Late"]
[Site "chess.com INT"]
[Date "2025.05.27"]
[Round "1"]
[White "Kilic, Eray"]
[Black "Atis, Hasan"]
[Result "1-0"]
[WhiteTitle "IM"]
[BlackTitle "CM"]
[WhiteElo "2469"]
[BlackElo "2089"]
[WhiteFideId "44517173"]
[BlackFideId "44598017"]
[EventDate "2025.05.27"]

1. e4 c5 2. c3 Nf6 3. e5 Nd5 4. d4 cxd4 5. Nf3 e6 6. cxd4 d6 7. Bc4 dxe5 8. dxe5
Be7 9. O-O O-O 10. Qe2 Nb6 11. Bd3 Nc6 12. Rd1 Qc7 13. Nc3 a6 14. Qe4 g6 15. Bh6
Rd8 16. Rac1 Bd7 17. Qf4 Be8 18. h4 Rac8 19. h5 Nb4 20. Be4 Rxd1+ 21. Rxd1 Rd8
22. Rxd8 Bxd8 23. hxg6 hxg6 24. Bg5 Bxg5 25. Qxg5 Nc8 26. Qh4 b5 27. Bxg6 fxg6
28. Qxb4 Kg7 29. Qf4 Qe7 30. Ne4 Nb6 31. Nfg5 Nd5 32. Qh4 Kg8 33. Qh3 Bd7 34.
Qh6 Be8 35. Nd6 b4 36. Nxe8 Qxe8 37. Qh7+ Kf8 38. Qh3 Nc7 39. Ne4 Ke7 40. Nd6
Qg8 41. Qh4+ Kd7 42. Qxb4 Nd5 43. Qa4+ Kc7 44. Qxa6 1-0

[Event "Titled Tue 27th May Late"]
[Site "chess.com INT"]
[Date "2025.05.27"]
[Round "1"]
[White "Petriashvili, Nikoloz"]
[Black "Barrientos, Ernesto"]
[Result "1-0"]
[WhiteTitle "IM"]
[BlackTitle "CM"]
[WhiteElo "2468"]
[BlackElo "2027"]
[WhiteFideId "13611216"]
[BlackFideId "3701247"]
[EventDate "2025.05.27"]

1. d4 Nf6 2. Na3 c5 3. dxc5 e6 4. Be3 Qa5+ 5. c3 Bxc5 6. Bxc5 Qxc5 7. Nf3 d5 8.
g3 Nc6 9. Bg2 O-O 10. O-O e5 11. Qa4 a6 12. Rad1 b5 13. Qh4 Bb7 14. Nc2 Qe7 15.
a3 Na5 16. Nb4 Rad8 17. Nd2 Rfe8 18. Rfe1 Nc4 19. Nxc4 bxc4 20. Rd2 a5 21. Nc2
h6 22. Red1 Kh7 23. Ne3 g5 24. Qh3 Bc8 25. g4 d4 26. cxd4 exd4 27. Rxd4 Rxd4 28.
Rxd4 Qe5 29. Rxc4 Qxb2 30. Qf3 Kg7 31. h4 Bb7 32. Qxb7 Qxb7 33. Bxb7 gxh4 34.
Kg2 Rb8 35. Bf3 Rb2 36. Kh3 h5 37. g5 Nh7 38. Kxh4 Rb1 39. Kxh5 Rg1 40. Ng4 Nf8
41. Kh4 Ng6+ 42. Kh3 1-0

[Event "Titled Tue 27th May Late"]
[Site "chess.com INT"]
[Date "2025.05.27"]
[Round "1"]
[White "Goryachkina, Aleksandra"]
[Black "Distaso, Antonio Pio"]
[Result "0-1"]
[WhiteTitle "GM"]
[WhiteElo "2544"]
[BlackElo "2253"]
[WhiteFideId "4147103"]
[BlackFideId "805548"]
[EventDate "2025.05.27"]

1. Nf3 d5 2. d4 Nf6 3. c3 g6 4. Bf4 Bg7 5. e3 O-O 6. h3 c5 7. Bd3 Nc6 8. Nbd2
Nd7 9. O-O e5 10. dxe5 Ndxe5 11. Nxe5 Nxe5 12. Be2 Be6 13. Nf3 Nxf3+ 14. Bxf3
Qb6 15. Qe2 Rfe8 16. Rfd1 d4 17. e4 dxc3 18. bxc3 Bxc3 19. Rab1 Qa6 20. Qe3 Bd4
21. Rxd4 cxd4 22. Qxd4 Rad8 23. Qb4 Qxa2 24. Qxb7 a5 25. Bh6 a4 26. Rc1 a3 27.
e5 Qb2 28. Qe4 Bf5 29. Qh4 Qxe5 30. Bg5 Qb2 31. Kh2 Rd6 32. Rc6 Rxc6 33. Bxc6
Re6 34. Bd5 Qe5+ 35. f4 Qxd5 0-1